| 000 | 00348nam a2200145Ia 4500 | ||
|---|---|---|---|
| 005 | 20251222151343.0 | ||
| 008 | 251222s9999||||xx |||||||||||||| ||spa|| | ||
| 020 | _a3926979925 | ||
| 082 | _a911.182.2/M26 | ||
| 100 | _aMarquina, Antonio | ||
| 245 | 4 | _aThe Mediterranean Space and Borders: | |
| 250 | _a1ra.ed. | ||
| 264 | _bUNISCI | ||
| 942 | _cLIB | ||
| 999 |
_c24542 _d24542 |
||